00493nam a22001217a 4500003000400000005001700004008004100021040000800062050003900070100002600109245020900135260002700344OSt20231016145749.0231016b xxu||||| |||| 00| 0 eng d cn/a aLC 1390 .A24 2023bRU/SED/2023/110 aNgala Masline Achieng aBarriers in the implementation of Kenya sign language as a medium bof instruction in primary schools for the deaf in HomaBay county: A case of Nyangweso special school for the deafcNgala Masline Achieng aRongo Universityc2023